000 00444nam a2200169 i 4500
001 102558
003 ES-MaACL
005 20230906183132.0
007 t|
008 051117s1970 sp ||||1| spa d
100 1 _aMerino, Joaquín.
_980518
245 1 0 _aSolo mirando /
_cJoaquín Merino.
250 _a[1ª ed.].
260 _aBarcelona :
_bMarte,
_c1970.
300 _a240 p., 8 lám. ;
_c21 cm.
852 _aES-MaACL
_jC-47351
_bR.75885
999 _c102558
_d102558